Literatura z oborů textil, textilie, historie textilního průmyslu, odívání, móda, uniformy, kroje, krajky apod

Titel: Literatura z oborů textil, textilie, historie textilního průmyslu, odívání, móda, uniformy, kroje, krajky apod : ve fondech knihovny Chebského muzea
Verfasser:
In: Muzeum Cheb: Sborník Chébskeho Muzea, (1998), Seite 213-238
alle Artikel anzeigen
Veröffentlicht: 1998 [vyd. 1999]
Format: Aufsatz
Sprache: Tschechisch
Kein Bild verfügbar
X
alg: 39298170
001A    $01999:11-11-16 
001B    $01999:28-04-17 $t15:26:56.000 
001C    $06050:19-11-16 $t22:36:46.000 
001D    $01999:11-11-16 
001U    $0utf8 
001X    $00 
002@    $0Aox 
003@    $039298170X 
007A    $039298170X $aHEB 
007T    $0Herdp16405 
010@    $acze 
011@    $a1998 $n1998 [vyd. 1999] 
021A    $aLiteratura z oborů textil, textilie, historie textilního průmyslu, odívání, móda, uniformy, kroje, krajky apod $dve fondech knihovny Chebského muzea 
028A    $aMichaláková $dIrena 
031A    $h213-238 $j1998 
039B    $aIn $8--Abvc--Muzeum Cheb [Tb1]. Sborník Chébskeho Muzea. - Cheb : Muzeum, 1993-2006. - ISSN 1211-9210 $x199800000000000787 $9070513341 
045T    $a9,10 $a7,41 

lok: 39298170 78

exp: 39298170 78 1 #EPN
201B/01 $026-11-17 $t01:21:15.000 
201U/01 $0utf8 
203@/01 $0789092018 
208@/01 $a11-11-16 $be 
209A/01 $a/ $f000 $x00 
220C/01 $aHerkunft: Hú Av Čr Praha 
244Z/01 $#Tschechien $#Tschechische Republik $#Tschechische Republik $#Tschechenland $#Tschechei Tschechien $#Česká Republika $#Czech Republic $#ČR $74303381-7 $8--Tg1--Tschechien $x01 $9086659812 
244Z/01 $2Trx $#Böhmen $#Bohemia $#Czechy $8--Trx--Čechy $x02 $9391188941 
244Z/01 $#Cheb $#Egra $#Egrae $#Egire $#Oegra $#Cheb $#Eger Böhmen $#Egra Böhmen $#Agria Böhmen $#Eger Egerland $74013597-4 $8--Tg1--Eger$gKraj Karlsbad $x03 $9085029971 
244Z/01 $2Trx $#bibliograafiad üldine $#bibliografijos bendras $#Bibliographies in general $#szakirodalmak általános $#bibliografie ogólnie $#bibliografie všeobecne $#bibliografie všeobecně $8--Trx--Bibliographien$gallgemein $x04 $939137379X 
244Z/01 $2Trx $#raamatukogud üldised $#bibliotekos bendras $#Libraries general $#könyvtárak általános $#biblioteki ogólnie $#knižnice všeobecne $#knihovny všeobecně $8--Trx--Bibliotheken$gallgemein $x05 $9391362151 
244Z/01 $atextilie $x06 
244Z/01 $2Trx $#tekstiiltööstus $#tekstilės pramonė $#textile industry $#textilgyártás $#przemysł włókienniczy $#priemysel textilný $#průmysl textilní $#Baumwollindustrie $8--Trx--Textilindustrie $x07 $9391374036 
244Z/01 $2Trx $#riietus $#drabužiai $#clothing $#ruházat $#ubiory $#odev $#oděv $#Uniformen $#oblečenie $#oblečení $8--Trx--Kleidung $x08 $9391362445 
244Z/01 $2Trx $8--Trx--Zeitschriftenaufsatz $x09 $9391384341 
247C/01 $82080>Marburg/Lahn, Herder-Institut, Forschungsbibliothek, Bibliographieportal $9336309341
LEADER 00000caa a22000002c 4500
001 39298170X
003 DE-603
005 20170428152656.0
007 tu
008 161111s1998 xx |||| | u00||u|cze c
035 |a (DE-599)HEB39298170X 
040 |a DE-603  |b ger  |c DE-603  |d DE-603 
041 |a cze 
084 |a 9,10  |a 7,41  |2 ssgn 
100 1 |a Michaláková, Irena 
245 0 0 |a Literatura z oborů textil, textilie, historie textilního průmyslu, odívání, móda, uniformy, kroje, krajky apod  |b ve fondech knihovny Chebského muzea 
264 0 |c 1998 [vyd. 1999] 
773 0 8 |i In  |a Muzeum Cheb  |t Sborník Chébskeho Muzea  |d Cheb : Muzeum, 1993-2006  |x 1211-9210  |g (1998), Seite 213-238  |w (DE-603)070513341  |w (DE-600)1353473-7 
924 0 |9 2080  |a (DE-603)789092018  |b DE-2080  |c HES  |d d  |g /